[Event "English Open Championship 2024"]
[Site "Holiday Inn, 212 Abbey End, Kenilworth CV8 1ED, United Kingdom"]
[Date "2024.06.20"]
[Round "2.10"]
[White "Jackson, James P"]
[Black "Savidge, Daniel"]
[Result "1-0"]
[TimeControl "G90 + 30secs/move"]
[WhiteFideId "416860"]
[BlackFideId "450332"]
[WhiteElo "2358"]
[BlackElo "2085"]

1. c4 {[%clk 01:30:54]} {[%emt 00:00:05]} d6 {[%clk 01:30:31]} {[%emt
00:00:30]} 2. Nf3 {[%clk 01:30:33]} {[%emt 00:00:51]} g6 {[%clk 01:30:46]}
{[%emt 00:00:15]} 3. e4 {[%clk 01:29:30]} {[%emt 00:01:33]} Bg7 {[%clk
01:31:09]} {[%emt 00:00:06]} 4. Nc3 {[%clk 01:27:16]} {[%emt 00:02:44]} e5
{[%clk 01:31:21]} {[%emt 00:00:18]} 5. d4 {[%clk 01:27:22]} {[%emt 00:00:24]}
exd4 {[%clk 01:30:33]} {[%emt 00:01:18]} 6. Nxd4 {[%clk 01:27:46]} {[%emt
00:00:06]} Nc6 {[%clk 01:30:58]} {[%emt 00:00:06]} 7. Be3 {[%clk 01:27:28]}
{[%emt 00:00:48]} Nge7 {[%clk 01:31:22]} {[%emt 00:00:05]} 8. Be2 {[%clk
01:22:18]} {[%emt 00:05:40]} O-O {[%clk 01:31:28]} {[%emt 00:00:24]} 9. O-O
{[%clk 01:22:41]} {[%emt 00:00:06]} f5 {[%clk 01:31:53]} {[%emt 00:00:06]} 10.
exf5 {[%clk 01:22:08]} {[%emt 00:01:04]} Bxd4 {[%clk 01:32:11]} {[%emt
00:00:12]} 11. Bxd4 {[%clk 01:21:18]} {[%emt 00:01:21]} Nxf5 {[%clk 01:32:38]}
{[%emt 00:00:02]} 12. Be3 {[%clk 01:21:40]} {[%emt 00:00:08]} Nxe3 {[%clk
01:33:01]} {[%emt 00:00:06]} 13. fxe3 {[%clk 01:22:05]} {[%emt 00:00:05]} Rxf1+
{[%clk 01:33:26]} {[%emt 00:00:05]} 14. Qxf1 {[%clk 01:21:50]} {[%emt
00:00:45]} Qg5 {[%clk 01:31:07]} {[%emt 00:02:49]} 15. Qf4 {[%clk 01:17:13]}
{[%emt 00:05:08]} Qe5 {[%clk 01:22:24]} {[%emt 00:09:12]} 16. Rf1 {[%clk
01:13:21]} {[%emt 00:04:22]} Bf5 {[%clk 01:16:05]} {[%emt 00:06:49]} 17. g4
{[%clk 01:07:57]} {[%emt 00:05:54]} Be6 {[%clk 01:13:55]} {[%emt 00:02:41]} 18.
Ne4 {[%clk 01:08:10]} {[%emt 00:00:17]} Qxf4 {[%clk 01:12:47]} {[%emt
00:01:37]} 19. exf4 {[%clk 01:08:35]} {[%emt 00:00:06]} Nd4 {[%clk 01:12:57]}
{[%emt 00:00:20]} 20. Bd3 {[%clk 01:09:00]} {[%emt 00:00:05]} Kg7 {[%clk
01:11:31]} {[%emt 00:01:56]} 21. h3 {[%clk 01:07:49]} {[%emt 00:01:41]} d5
{[%clk 01:09:05]} {[%emt 00:02:55]} 22. Ng5 {[%clk 00:58:20]} {[%emt 00:09:59]}
Bg8 {[%clk 01:08:46]} {[%emt 00:00:49]} 23. cxd5 {[%clk 00:57:41]} {[%emt
00:01:09]} Bxd5 {[%clk 01:08:23]} {[%emt 00:00:53]} 24. Re1 {[%clk 00:57:08]}
{[%emt 00:01:04]} h6 {[%clk 01:02:54]} {[%emt 00:05:59]} 25. Re7+ {[%clk
00:55:24]} {[%emt 00:02:14]} Kf6 {[%clk 01:03:15]} {[%emt 00:00:09]} 26. Rd7
{[%clk 00:55:42]} {[%emt 00:00:12]} hxg5 {[%clk 01:02:27]} {[%emt 00:01:17]} 27.
Rxd5 {[%clk 00:56:00]} {[%emt 00:00:13]} Ne6 {[%clk 01:02:11]} {[%emt
00:00:46]} 28. fxg5+ {[%clk 00:53:03]} {[%emt 00:03:27]} Nxg5 {[%clk 01:02:37]}
{[%emt 00:00:04]} 29. Kh2 {[%clk 00:49:03]} {[%emt 00:04:30]} Rh8 {[%clk
01:00:45]} {[%emt 00:02:22]} 30. Bf1 {[%clk 00:49:27]} {[%emt 00:00:06]} Ne6
{[%clk 00:55:30]} {[%emt 00:05:45]} 31. Kg3 {[%clk 00:48:34]} {[%emt 00:01:24]}
Ke7 {[%clk 00:46:09]} {[%emt 00:09:50]} 32. Bc4 {[%clk 00:44:50]} {[%emt
00:04:14]} Kf6 {[%clk 00:45:04]} {[%emt 00:01:36]} 33. h4 {[%clk 00:43:58]}
{[%emt 00:01:21]} Rd8 {[%clk 00:41:46]} {[%emt 00:03:47]} 34. g5+ {[%clk
00:19:05]} {[%emt 00:25:24]} Ke7 {[%clk 00:38:20]} {[%emt 00:03:56]} 35. Re5
{[%clk 00:19:29]} {[%emt 00:00:05]} Rd6 {[%clk 00:38:39]} {[%emt 00:00:12]} 36.
h5 {[%clk 00:19:55]} {[%emt 00:00:04]} b5 {[%clk 00:36:44]} {[%emt 00:02:25]}
37. Rxe6+ {[%clk 00:20:16]} {[%emt 00:00:09]} Rxe6 {[%clk 00:37:06]} {[%emt
00:00:08]} 38. Bxe6 {[%clk 00:20:40]} {[%emt 00:00:05]} Kxe6 {[%clk 00:37:33]}
{[%emt 00:00:04]} 39. h6 {[%clk 00:20:15]} {[%emt 00:00:55]} Kf7 {[%clk
00:37:57]} {[%emt 00:00:05]} 40. b4 {[%clk 00:20:22]} {[%emt 00:00:24]} 1-0

[Event "English Open Championship 2024"]
[Site "Holiday Inn, 212 Abbey End, Kenilworth CV8 1ED, United Kingdom"]
[Date "2024.06.20"]
[Round "2.11"]
[White "Schell, Finn"]
[Black "Bowcott-Terry, Finlay"]
[Result "0-1"]
[TimeControl "G90 + 30secs/move"]
[WhiteFideId "427110"]
[BlackFideId "449199"]
[WhiteElo "2274"]
[BlackElo "2132"]

1. e4 {[%clk 01:30:58]} c5 {[%clk 01:30:59]} {[%emt 00:00:02]} 2. Nf3 {[%clk
01:31:19]} {[%emt 00:00:09]} Nc6 {[%clk 01:31:26]} {[%emt 00:00:04]} 3. Bb5
{[%clk 01:31:46]} {[%emt 00:00:02]} g5 {[%clk 01:31:41]} {[%emt 00:00:16]} 4.
Bxc6 {[%clk 01:23:40]} {[%emt 00:08:35]} dxc6 {[%clk 01:32:10]} {[%emt
00:00:02]} 5. Nxg5 {[%clk 01:21:54]} {[%emt 00:02:15]} Nf6 {[%clk 01:32:33]}
{[%emt 00:00:07]} 6. e5 {[%clk 01:15:31]} {[%emt 00:06:51]} Qd5 {[%clk
01:32:00]} {[%emt 00:01:04]} 7. Nf3 {[%clk 01:11:32]} {[%emt 00:04:30]} Qe4+
{[%clk 01:13:51]} {[%emt 00:18:39]} 8. Qe2 {[%clk 01:11:27]} {[%emt 00:00:35]}
Qxe2+ {[%clk 01:14:15]} {[%emt 00:00:06]} 9. Kxe2 {[%clk 01:11:53]} {[%emt
00:00:03]} Nd5 {[%clk 01:14:39]} {[%emt 00:00:07]} 10. d3 {[%clk 01:01:56]}
{[%emt 00:10:26]} Rg8 {[%clk 01:14:48]} {[%emt 00:00:22]} 11. g3 {[%clk
00:56:30]} {[%emt 00:05:54]} Bg7 {[%clk 01:14:31]} {[%emt 00:00:49]} 12. h3
{[%clk 00:55:19]} {[%emt 00:01:40]} Nb4 {[%clk 01:09:32]} {[%emt 00:05:31]} 13.
Na3 {[%clk 00:51:54]} {[%emt 00:03:53]} c4 {[%clk 01:08:14]} {[%emt 00:01:48]}
14. d4 {[%clk 00:43:16]} {[%emt 00:09:08]} Bf5 {[%clk 01:08:14]} {[%emt
00:00:32]} 15. Ne1 {[%clk 00:34:34]} {[%emt 00:09:11]} b5 {[%clk 01:08:12]}
{[%emt 00:00:32]} 16. Bd2 {[%clk 00:34:05]} {[%emt 00:00:58]} a5 {[%clk
01:08:13]} {[%emt 00:00:30]} 17. b3 {[%clk 00:26:43]} {[%emt 00:07:51]} O-O-O
{[%clk 01:05:25]} {[%emt 00:03:19]} 18. c3 {[%clk 00:24:53]} {[%emt 00:02:20]}
Na6 {[%clk 00:37:26]} {[%emt 00:28:30]} 19. bxc4 {[%clk 00:24:59]} {[%emt
00:00:23]} b4 {[%clk 00:37:55]} 20. Nac2 {[%clk 00:24:22]} {[%emt 00:01:07]} c5
{[%clk 00:38:24]} {[%emt 00:00:01]} 21. f4 {[%clk 00:15:25]} {[%emt 00:09:27]}
f6 {[%clk 00:35:20]} {[%emt 00:03:34]} 22. Ke3 {[%clk 00:08:19]} {[%emt
00:07:35]} fxe5 {[%clk 00:32:50]} {[%emt 00:03:00]} 23. dxe5 {[%clk 00:05:36]}
{[%emt 00:03:13]} Rd7 {[%clk 00:30:43]} {[%emt 00:02:37]} 24. cxb4 {[%clk
00:04:44]} {[%emt 00:01:22]} axb4 {[%clk 00:31:11]} {[%emt 00:00:02]} 25. g4
{[%clk 00:03:18]} {[%emt 00:01:57]} Be6 {[%clk 00:31:41]} 26. Rc1 {[%clk
00:02:21]} {[%emt 00:01:26]} Rgd8 {[%clk 00:31:53]} {[%emt 00:00:18]} 27. Rh2
{[%clk 00:02:40]} {[%emt 00:00:12]} h5 {[%clk 00:25:12]} {[%emt 00:07:10]} 28.
g5 {[%clk 00:02:05]} {[%emt 00:01:05]} h4 {[%clk 00:25:41]} {[%emt 00:00:01]}
29. Na1 {[%clk 00:02:22]} {[%emt 00:00:12]} Rd4 {[%clk 00:23:21]} {[%emt
00:02:51]} 30. Nb3 {[%clk 00:02:06]} {[%emt 00:00:45]} Rxc4 {[%clk 00:23:50]}
{[%emt 00:00:02]} 31. Nf3 {[%clk 00:01:48]} {[%emt 00:00:48]} Rxc1 {[%clk
00:21:37]} {[%emt 00:02:44]} 32. Bxc1 {[%clk 00:02:17]} Rd1 {[%clk 00:21:22]}
{[%emt 00:00:45]} 33. Bb2 {[%clk 00:01:20]} {[%emt 00:01:27]} c4 {[%clk
00:17:32]} {[%emt 00:04:20]} 34. Nbd4 {[%clk 00:01:02]} {[%emt 00:00:48]} Bd5
{[%clk 00:16:56]} {[%emt 00:01:05]} 35. Nxh4 {[%clk 00:00:50]} {[%emt
00:00:43]} e6 {[%clk 00:16:15]} {[%emt 00:01:11]} 36. Ndf3 {[%clk 00:00:39]}
{[%emt 00:00:40]} Nc5 {[%clk 00:15:13]} {[%emt 00:01:33]} 37. Rd2 {[%clk
00:00:35]} {[%emt 00:00:34]} Rxd2 {[%clk 00:15:22]} {[%emt 00:00:21]} 38. Kxd2
{[%clk 00:01:03]} {[%emt 00:00:02]} c3+ {[%clk 00:15:41]} {[%emt 00:00:11]} 39.
Bxc3 {[%clk 00:01:32]} Ne4+ {[%clk 00:16:11]} 40. Kc2 {[%clk 00:01:13]} {[%emt
00:00:48]} bxc3 {[%clk 00:13:50]} {[%emt 00:02:51]} 41. Nd4 {[%clk 00:01:24]}
{[%emt 00:00:19]} Nf2 {[%clk 00:11:11]} {[%emt 00:03:09]} 42. Ng6 {[%clk
00:01:18]} {[%emt 00:00:36]} Be4+ {[%clk 00:11:28]} {[%emt 00:00:13]} 43. Kxc3
{[%clk 00:01:41]} {[%emt 00:00:07]} Bxg6 {[%clk 00:11:42]} {[%emt 00:00:16]} 44.
Nxe6 {[%clk 00:02:02]} {[%emt 00:00:09]} Bh8 {[%clk 00:11:44]} {[%emt
00:00:28]} 45. h4 {[%clk 00:01:34]} {[%emt 00:00:58]} Nh3 {[%clk 00:11:31]}
{[%emt 00:00:43]} 46. Kd4 {[%clk 00:00:35]} {[%emt 00:01:28]} Bf5 {[%clk
00:10:14]} {[%emt 00:01:47]} 47. Kd5 {[%clk 00:00:36]} {[%emt 00:00:29]} Kd7
{[%clk 00:10:35]} {[%emt 00:00:10]} 48. Nc5+ {[%clk 00:00:41]} {[%emt
00:00:25]} Ke7 {[%clk 00:11:04]} 49. e6 {[%clk 00:00:33]} {[%emt 00:00:38]}
Nxf4+ {[%clk 00:11:28]} {[%emt 00:00:07]} 50. Kc6 {[%clk 00:00:59]} {[%emt
00:00:03]} Nxe6 {[%clk 00:11:38]} {[%emt 00:00:20]} 51. Nxe6 {[%clk 00:01:07]}
{[%emt 00:00:22]} Bxe6 {[%clk 00:11:57]} {[%emt 00:00:11]} 52. h5 {[%clk
00:01:06]} {[%emt 00:00:31]} Bxa2 {[%clk 00:12:06]} {[%emt 00:00:21]} 0-1

[Event "English Open Championship 2024"]
[Site "Holiday Inn, 212 Abbey End, Kenilworth CV8 1ED, United Kingdom"]
[Date "2024.06.20"]
[Round "2.12"]
[White "Williams, Ana"]
[Black "Stoica, Savas Marin"]
[Result "1/2-1/2"]
[TimeControl "G90 + 30secs/move"]
[WhiteFideId "343419771"]
[BlackFideId "464309"]
[WhiteElo "1988"]
[BlackElo "2115"]

1. e4 {[%clk 01:30:57]} {[%emt 00:00:03]} c5 {[%clk 01:30:23]} {[%emt
00:00:27]} 2. Nf3 {[%clk 01:31:24]} d6 {[%clk 01:30:20]} {[%emt 00:00:44]} 3.
c3 {[%clk 01:31:50]} {[%emt 00:00:06]} Nf6 {[%clk 01:30:34]} {[%emt 00:00:16]}
4. h3 {[%clk 01:32:14]} {[%emt 00:00:06]} g6 {[%clk 01:30:04]} {[%emt
00:00:59]} 5. Be2 {[%clk 01:31:07]} {[%emt 00:01:37]} Bg7 {[%clk 01:30:29]}
{[%emt 00:00:06]} 6. O-O {[%clk 01:26:53]} {[%emt 00:04:45]} O-O {[%clk
01:29:23]} {[%emt 00:01:35]} 7. d3 {[%clk 01:24:19]} {[%emt 00:03:04]} Nc6
{[%clk 01:27:45]} {[%emt 00:02:09]} 8. Be3 {[%clk 01:21:55]} {[%emt 00:02:53]}
e5 {[%clk 01:16:25]} {[%emt 00:11:49]} 9. Nh2 {[%clk 01:16:53]} {[%emt
00:05:33]} Qe7 {[%clk 01:04:58]} {[%emt 00:11:56]} 10. c4 {[%clk 01:11:56]}
{[%emt 00:05:28]} Nd4 {[%clk 00:59:38]} {[%emt 00:05:50]} 11. Nc3 {[%clk
01:12:11]} {[%emt 00:00:16]} h6 {[%clk 00:58:33]} {[%emt 00:01:33]} 12. Bg4
{[%clk 01:07:16]} {[%emt 00:05:26]} Ne6 {[%clk 00:54:36]} {[%emt 00:04:27]} 13.
Qd2 {[%clk 01:00:40]} {[%emt 00:07:06]} Kh7 {[%clk 00:54:56]} {[%emt 00:00:09]}
14. f4 {[%clk 00:53:08]} {[%emt 00:08:02]} Nxg4 {[%clk 00:37:37]} {[%emt
00:17:50]} 15. Nxg4 {[%clk 00:52:17]} {[%emt 00:01:21]} Nxf4 {[%clk 00:37:58]}
{[%emt 00:00:08]} 16. Bxf4 {[%clk 00:52:26]} {[%emt 00:00:21]} Bxg4 {[%clk
00:38:17]} {[%emt 00:00:12]} 17. Nd5 {[%clk 00:44:02]} {[%emt 00:08:54]} Qh4
{[%clk 00:33:52]} {[%emt 00:04:53]} 18. Bg5 {[%clk 00:37:54]} {[%emt 00:06:39]}
hxg5 {[%clk 00:32:28]} {[%emt 00:01:54]} 19. hxg4 {[%clk 00:38:20]} {[%emt
00:00:04]} Qxg4 {[%clk 00:32:05]} {[%emt 00:00:53]} 20. Rf3 {[%clk 00:38:38]}
{[%emt 00:00:13]} f6 {[%clk 00:21:28]} {[%emt 00:11:07]} 21. Raf1 {[%clk
00:35:04]} {[%emt 00:04:02]} Rad8 {[%clk 00:18:43]} {[%emt 00:03:16]} 22. Qa5
{[%clk 00:27:14]} {[%emt 00:08:20]} Qd7 {[%clk 00:15:06]} {[%emt 00:04:08]} 23.
Nxf6+ {[%clk 00:24:41]} {[%emt 00:03:02]} Bxf6 {[%clk 00:15:29]} {[%emt
00:00:08]} 24. Rxf6 {[%clk 00:25:04]} {[%emt 00:00:06]} Rxf6 {[%clk 00:15:38]}
{[%emt 00:00:21]} 25. Rxf6 {[%clk 00:25:27]} Kg7 {[%clk 00:16:06]} {[%emt
00:00:10]} 26. Rf1 {[%clk 00:18:50]} {[%emt 00:07:06]} b6 {[%clk 00:15:43]}
{[%emt 00:00:53]} 27. Qd2 {[%clk 00:18:37]} {[%emt 00:00:43]} Qe7 {[%clk
00:15:10]} {[%emt 00:01:03]} 28. Qf2 {[%clk 00:15:44]} {[%emt 00:03:23]} a6
{[%clk 00:11:37]} {[%emt 00:04:03]} 29. g4 {[%clk 00:13:16]} {[%emt 00:02:57]}
b5 {[%clk 00:11:00]} {[%emt 00:01:09]} 30. b3 {[%clk 00:13:34]} {[%emt
00:00:12]} b4 {[%clk 00:10:23]} {[%emt 00:01:06]} 31. Kg2 {[%clk 00:11:37]}
{[%emt 00:02:26]} a5 {[%clk 00:10:41]} {[%emt 00:00:14]} 32. Kg3 {[%clk
00:11:09]} {[%emt 00:00:58]} a4 {[%clk 00:09:36]} {[%emt 00:01:35]} 33. bxa4
{[%clk 00:11:31]} {[%emt 00:00:07]} Ra8 {[%clk 00:09:36]} {[%emt 00:00:30]} 34.
Qh2 {[%clk 00:10:56]} {[%emt 00:01:05]} Rh8 {[%clk 00:05:01]} {[%emt 00:05:06]}
1/2-1/2

[Event "English Open Championship 2024"]
[Site "Holiday Inn, 212 Abbey End, Kenilworth CV8 1ED, United Kingdom"]
[Date "2024.06.20"]
[Round "2.13"]
[White "Carroll, Thomas"]
[Black "Atako, Chino C"]
[Result "1/2-1/2"]
[TimeControl "G90 + 30secs/move"]
[WhiteFideId "450111"]
[BlackFideId "468649"]
[WhiteElo "2107"]
[BlackElo "2003"]

1. d4 {[%clk 01:30:57]} d5 {[%clk 01:28:08]} {[%emt 00:02:54]} 2. c4 {[%clk
01:30:52]} {[%emt 00:00:36]} e6 {[%clk 01:28:15]} {[%emt 00:00:22]} 3. Nc3
{[%clk 01:31:16]} {[%emt 00:00:06]} Nf6 {[%clk 01:28:37]} {[%emt 00:00:08]} 4.
cxd5 {[%clk 01:31:33]} {[%emt 00:00:14]} exd5 {[%clk 01:29:00]} {[%emt
00:00:06]} 5. Bg5 {[%clk 01:31:57]} {[%emt 00:00:06]} c6 {[%clk 01:29:19]}
{[%emt 00:00:11]} 6. e3 {[%clk 01:32:01]} {[%emt 00:00:27]} h6 {[%clk
01:29:40]} {[%emt 00:00:09]} 7. Bh4 {[%clk 01:32:02]} {[%emt 00:00:28]} Be7
{[%clk 01:30:01]} {[%emt 00:00:09]} 8. Bd3 {[%clk 01:31:25]} {[%emt 00:01:08]}
O-O {[%clk 01:30:22]} {[%emt 00:00:09]} 9. Nge2 {[%clk 01:28:44]} {[%emt
00:03:11]} Re8 {[%clk 01:30:25]} {[%emt 00:00:26]} 10. f3 {[%clk 01:20:38]}
{[%emt 00:08:37]} a5 {[%clk 01:25:55]} {[%emt 00:04:59]} 11. O-O {[%clk
01:18:14]} {[%emt 00:02:55]} b5 {[%clk 01:25:48]} {[%emt 00:00:36]} 12. Bf2
{[%clk 01:12:29]} {[%emt 00:06:16]} Ba6 {[%clk 01:25:29]} {[%emt 00:00:48]} 13.
Rc1 {[%clk 01:10:53]} {[%emt 00:02:07]} Nbd7 {[%clk 01:24:16]} {[%emt
00:01:43]} 14. h3 {[%clk 01:10:53]} {[%emt 00:00:29]} Nb6 {[%clk 01:23:58]}
{[%emt 00:00:47]} 15. e4 {[%clk 01:09:29]} {[%emt 00:01:55]} Nc4 {[%clk
01:18:30]} {[%emt 00:05:59]} 16. Rc2 {[%clk 01:07:44]} {[%emt 00:02:15]} Bf8
{[%clk 01:14:24]} {[%emt 00:04:34]} 17. e5 {[%clk 01:03:30]} {[%emt 00:04:46]}
Nd7 {[%clk 01:14:35]} {[%emt 00:00:18]} 18. f4 {[%clk 01:03:24]} {[%emt
00:00:37]} b4 {[%clk 01:07:31]} {[%emt 00:07:33]} 19. Nb1 {[%clk 01:02:12]}
{[%emt 00:01:43]} a4 {[%clk 00:58:03]} {[%emt 00:09:57]} 20. b3 {[%clk
00:59:59]} {[%emt 00:02:43]} axb3 {[%clk 00:54:52]} {[%emt 00:03:42]} 21. axb3
{[%clk 01:00:22]} {[%emt 00:00:06]} Na5 {[%clk 00:55:16]} {[%emt 00:00:06]} 22.
Bxa6 {[%clk 00:59:07]} {[%emt 00:01:45]} Rxa6 {[%clk 00:55:36]} {[%emt
00:00:10]} 23. Qd3 {[%clk 00:59:16]} {[%emt 00:00:21]} Qb6 {[%clk 00:53:12]}
{[%emt 00:02:53]} 24. Nd2 {[%clk 00:59:02]} {[%emt 00:00:45]} c5 {[%clk
00:45:29]} {[%emt 00:08:13]} 25. Rfc1 {[%clk 00:58:21]} {[%emt 00:01:11]} Nb7
{[%clk 00:38:39]} {[%emt 00:07:19]} 26. Qf3 {[%clk 00:49:49]} {[%emt 00:09:03]}
Qc6 {[%clk 00:30:14]} {[%emt 00:08:55]} 27. dxc5 {[%clk 00:48:38]} {[%emt
00:01:41]} Ndxc5 {[%clk 00:29:48]} {[%emt 00:00:55]} 28. Nd4 {[%clk 00:43:58]}
{[%emt 00:05:10]} Qd7 {[%clk 00:29:38]} {[%emt 00:00:39]} 29. Re1 {[%clk
00:37:42]} {[%emt 00:06:47]} Ne6 {[%clk 00:26:47]} {[%emt 00:03:21]} 30. Nxe6
{[%clk 00:35:41]} {[%emt 00:02:31]} Raxe6 {[%clk 00:20:44]} {[%emt 00:06:33]}
31. Bd4 {[%clk 00:34:33]} {[%emt 00:01:39]} Rc6 {[%clk 00:20:08]} {[%emt
00:01:05]} 32. Rec1 {[%clk 00:31:23]} {[%emt 00:03:41]} Rec8 {[%clk 00:20:28]}
{[%emt 00:00:09]} 33. Qd3 {[%clk 00:28:30]} {[%emt 00:03:22]} Bc5 {[%clk
00:16:04]} {[%emt 00:04:55]} 34. Nf3 {[%clk 00:26:04]} {[%emt 00:02:57]} Bxd4+
{[%clk 00:14:17]} {[%emt 00:02:16]} 35. Nxd4 {[%clk 00:26:28]} {[%emt
00:00:07]} Rxc2 {[%clk 00:14:41]} {[%emt 00:00:06]} 36. Rxc2 {[%clk 00:26:35]}
{[%emt 00:00:22]} Nd8 {[%clk 00:14:08]} {[%emt 00:01:03]} 37. Nf5 {[%clk
00:22:53]} {[%emt 00:04:12]} Rxc2 {[%clk 00:10:26]} {[%emt 00:04:12]} 38. Qxc2
{[%clk 00:23:18]} {[%emt 00:00:05]} Nc6 {[%clk 00:09:33]} {[%emt 00:01:23]} 39.
g4 {[%clk 00:21:54]} {[%emt 00:01:54]} Ne7 {[%clk 00:08:03]} {[%emt 00:01:58]}
40. Nd4 {[%clk 00:18:44]} {[%emt 00:03:41]} h5 {[%clk 00:08:15]} {[%emt
00:00:19]} 41. f5 {[%clk 00:18:23]} {[%emt 00:00:51]} hxg4 {[%clk 00:08:21]}
{[%emt 00:00:24]} 42. hxg4 {[%clk 00:18:28]} {[%emt 00:00:25]} Qa7 {[%clk
00:08:44]} {[%emt 00:00:07]} 43. Qf2 {[%clk 00:18:13]} {[%emt 00:00:46]} Qa1+
{[%clk 00:08:53]} {[%emt 00:00:21]} 44. Kh2 {[%emt 00:03:04]} Qc3 {[%clk
00:08:39]} 45. e6 {[%clk 00:13:58]} {[%emt 00:02:55]} Nc6 {[%clk 00:08:06]}
{[%emt 00:01:03]} 46. exf7+ {[%clk 00:05:47]} {[%emt 00:08:41]} Kxf7 {[%clk
00:08:15]} {[%emt 00:00:20]} 47. Nxc6 {[%clk 00:06:07]} {[%emt 00:00:10]} Qxc6
{[%clk 00:08:39]} {[%emt 00:00:06]} 48. Qa7+ {[%clk 00:06:09]} {[%emt
00:00:28]} Kf6 {[%clk 00:05:22]} {[%emt 00:03:47]} 49. Qd4+ {[%clk 00:06:32]}
{[%emt 00:00:08]} Kg5 {[%clk 00:05:37]} {[%emt 00:00:15]} 50. Qxg7+ {[%clk
00:04:28]} {[%emt 00:02:33]} Kf4 {[%clk 00:03:50]} {[%emt 00:02:16]} 51. Qd4+
{[%clk 00:04:08]} {[%emt 00:00:51]} Kg5 {[%clk 00:04:07]} {[%emt 00:00:12]} 52.
Qxb4 {[%clk 00:03:29]} {[%emt 00:01:10]} Qc2+ {[%clk 00:04:27]} {[%emt
00:00:09]} 53. Kg1 {[%clk 00:03:41]} {[%emt 00:00:19]} Qd1+ {[%clk 00:04:37]}
{[%emt 00:00:20]} 54. Kf2 {[%clk 00:03:48]} {[%emt 00:00:21]} d4 {[%clk
00:02:53]} {[%emt 00:02:16]} 55. Qe7+ {[%clk 00:01:12]} {[%emt 00:03:06]} Kxg4
{[%clk 00:03:14]} {[%emt 00:00:08]} 56. Qe4+ {[%clk 00:00:39]} {[%emt
00:01:03]} Kg5 {[%clk 00:03:15]} {[%emt 00:00:26]} 57. Qf3 {[%clk 00:00:32]}
{[%emt 00:00:41]} Qc2+ {[%clk 00:03:00]} {[%emt 00:00:45]} 58. Ke1 {[%clk
00:00:38]} {[%emt 00:00:24]} Qc1+ {[%clk 00:02:53]} {[%emt 00:00:37]} 59. Ke2
{[%clk 00:00:41]} {[%emt 00:00:28]} Qc2+ {[%clk 00:03:15]} {[%emt 00:00:07]} 60.
Ke1 {[%clk 00:01:05]} {[%emt 00:00:07]} d3 {[%clk 00:03:00]} {[%emt 00:00:44]}
61. Qe3+ {[%clk 00:01:12]} {[%emt 00:00:24]} Kxf5 {[%clk 00:03:01]} {[%emt
00:00:27]} 62. Qf2+ {[%clk 00:01:13]} {[%emt 00:00:30]} 1/2-1/2